| 000 | 00444nam a2200181Ia 4500 | ||
|---|---|---|---|
| 008 | 180207s9999 xx 000 0 und d | ||
| 020 | _a9780859536585 | ||
| 050 | _bK955 2003 | ||
| 100 | _aKubler, Annie | ||
| 245 | _aRow, row, row your boat / | ||
| 245 | _cillustrated by Annie Kubler. | ||
| 260 | _aSydney : | ||
| 260 | _bChild's Play, | ||
| 260 | _c2003 | ||
| 300 | _aunpaged : | ||
| 300 | _bcolor illustration ; | ||
| 300 | _c21cm. | ||
| 999 |
_c355527 _d355527 |
||